[Event "Wuerttemberg-ch MT"]
[Site "Tuebingen"]
[Date "2007.08.29"]
[Round "5"]
[White "Fischer, Andre"]
[Black "Gabriel, Josef"]
[Result "1-0"]
[WhiteElo "2169"]
[BlackElo "2204"]
[PlyCount "71"]
[EventDate "2007.08.25"]
[EventType "swiss"]
[EventRounds "9"]
[EventCountry "GER"]
[SourceTitle "CBM 120 Extra"]
[Source "ChessBase"]
[SourceDate "2007.11.01"]
[SourceVersion "1"]
[SourceVersionDate "2007.11.01"]
[SourceQuality "1"]

1. e4 e5 2. Nf3 d6 3. Bc4 c6 4. d4 Nd7 5. 0-0 Be7 6. dxe5 dxe5 7. Ng5 Bxg5 8. Qh5 Qe7 9. Qxg5 Ngf6 10. Nc3 0-0 11. a4 Re8 12. b3 Nf8 13. Ba3 Qc7 14. Rad1 Bg4 15. Bd6 Qb6 16. Rd3 Rad8 17. a5 Qxa5 18. b4 Qb6 19. Na4 h6 20. Qc1 Nxe4 21. Nxb6 Nxd6 22. Qd2 Ne4 23. Qe3 Nd6 24. Bb3 axb6 25. f3 Bf5 26. Rd2 Ne6 27. Rxd6 Rxd6 28. Qxe5 Bxc2 29. Bxc2 Rd4 30. f4 f6 31. Qe3 c5 32. Ba4 Re7 33. f5 Rxb4 34. Bd7 Rxd7 35. Qxe6+ Rf7 36. Ra1 1-0

[Event "Wuerttemberg-ch MT"]
[Site "Tuebingen"]
[Date "2007.08.26"]
[Round "2"]
[White "Holzhaeuer, Mathias"]
[Black "Fischer, Andre"]
[Result "1-0"]
[WhiteElo "2341"]
[BlackElo "2169"]
[PlyCount "135"]
[EventDate "2007.08.25"]
[EventType "swiss"]
[EventRounds "9"]
[EventCountry "GER"]
[SourceTitle "CBM 120 Extra"]
[Source "ChessBase"]
[SourceDate "2007.11.01"]
[SourceVersion "1"]
[SourceVersionDate "2007.11.01"]
[SourceQuality "1"]

1. e4 e6 2. Nf3 d5 3. e5 c5 4. b4 cxb4 5. a3 Nc6 6. axb4 Bxb4 7. c3 Be7 8. d4 f6 9. Bd3 fxe5 10. dxe5 Nh6 11. Bxh6 gxh6 12. Qd2 Bf8 13. Na3 Bg7 14. Qf4 Qe7 15. Nb5 Rf8 16. Qg3 Bh8 17. 0-0 a6 18. Rfb1 Rb8 19. Nbd4 Nxd4 20. cxd4 b5 21. Nd2 Qg5 22. Nb3 Qxg3 23. hxg3 Kd8 24. Nc5 Rb6 25. Ra5 Rf7 26. Rba1 Bg7 27. Nxa6 b4 28. Nc5 Bf8 29. Rb1 Rc7 30. Rb3 Bxc5 31. dxc5 Rbc6 32. Rxb4 Rxc5 33. Rxc5 Rxc5 34. Kf1 Kc7 35. Rh4 d4 36. Rxd4 Rxe5 37. Rh4 Bb7 38. Rxh6 Ra5 39. Rxe6 Ra1+ 40. Ke2 Bxg2 41. Bxh7 Ra2+ 42. Ke3 Ra3+ 43. Kd2 Ra2+ 44. Bc2 Bd5 45. Re3 Kd6 46. f4 Be6 47. Kc3 Ra5 48. Bb3 Bf5 49. Kd4 Ra3 50. Bc4 Ra1 51. Bb5 Rg1 52. Be2 Rg2 53. Bd3 Bd7 54. Be4 Rg1 55. Ra3 Bc8 56. Rb3 Bd7 57. Rb6+ Ke7 58. Rg6 Be8 59. Rg5 Re1 60. g4 Kf6 61. Rf5+ Kg7 62. Rc5 Rg1 63. g5 Rg4 64. Ke5 Rg1 65. Rc7+ Kf8 66. Kf6 Ra1 67. Bd5 Ra4 68. f5 1-0